| 000 | 01936nam a2200325 i 4500 | ||
|---|---|---|---|
| 001 | 768714001 | ||
| 003 | CO-MdFUSB | ||
| 005 | 20231024162843.0 | ||
| 007 | ta | ||
| 008 | 010213t2000 enkabh b 001 | eng d | ||
| 020 | _a0198150342 | ||
| 040 |
_aUKM _cCO-MdFUSB _dCO-MdFUSB _bspa _erda |
||
| 041 | _aeng | ||
| 082 |
_223 _a932 _bSH534a |
||
| 245 | 4 |
_aThe Oxford history of ancient Egypt _c/ editado por Ian Shaw |
|
| 264 | 1 |
_aOxford, England : _bOxford University Press, _c[2000] |
|
| 264 | 4 | _c©2000 | |
| 300 |
_a512 páginas : _c26 cm |
||
| 336 |
_2rdacontent _atexto _btxt |
||
| 337 |
_2rdamedia _asin mediación _bn |
||
| 338 |
_2rdacarrier _avolumen _bnc |
||
| 505 | _aIntroducción : cronologías y cambio cultural en Egipto / Ian Shaw -- Prehistoria: del paleolítico a la cultura badariense (c. 700.000-4000 a. C.) / Stan Hendrickx y Pierre Vermeersch -- El período de Naqada (c. 4000-3200 a. C.) / Beatrix Midant-Reynes -- El surgimiento del estado egipcio (c. 3200-2686 a. C.) / Kathryn A. Bard -- El Reino Antiguo (c. 2686-2125 a. C.) / Jaromir Malek -- El primer período intermedio (c. 2160-2055 a. C.) / Stephan Seidlmayer -- El renacimiento del Reino Medio (c. 2055-1650 a. C.) / Gae Callender -- El segundo período intermedio (c. 1650-1550 a. C.) / Janine Bourriau -- La dinastía XVIII antes del período de Amarna (c. 1550-1352 a. C.) / Betsy M. Bryan -- El período de Amarna y el Nuevo Reino posterior (c. 1352-1069 a. C.) / Jacobus Van Dijk -- Egipto y el mundo exterior / Ian Shaw -- El tercer período intermedio (1069-664 a. C.) / John Taylor -- El período tardío (664-332 a. C.) / Alan B. Lloyd -- El período ptolemaico (332-30 a. C.) / Alan B. Lloyd -- El período romano (30 a. C.-395 d. C.) / David Peacock | ||
| 563 | _aTapa dura | ||
| 651 | 0 | _aEgipto. | |
| 653 | _aHistoria | ||
| 700 |
_98186 _aShaw, Ian J., _eeditor |
||
| 942 | _cBK | ||
| 945 | _aMAg 1104 | ||
| 999 |
_c68766 _d68766 |
||